'B' Celebrity Images Quiz Stats

Quiz Updated May 9, 2013

Challenge
Share
Tweet
Score 0/20 Timer 05:00
2 Plays Today
% Correct
Justin Bieber
96.5%
Halle Berry
90.4%
Sandra Bullock
87.9%
Drew Barrymore
82.9%
Kobe Bryant
72.7%
James Brown
72%
David Bowie
67.4%
Zach Braff
57.2%
Gerard Butler
55.6%
Tom Brady
49.8%
% Correct
Michael Bolton
41.3%
Kristen Bell
40.7%
Tom Brokaw
37.7%
Tom Bosley
30%
Joan Baez
22.9%
Gisele B√ľndchen
21.8%
Bonnie Blair
16.8%
Barry Bostwick
15.5%
Thora Birch
13.9%
Josephine Baker
11%

You're not logged in!

Compare scores with friends on all Sporcle quizzes.
Join for Free
OR
Log In

You Might Also Like...

Show Comments

Extras

Top Quizzes Today


Score Distribution

Your Account Isn't Verified!

In order to create a playlist on Sporcle, you need to verify the email address you used during registration. Go to your Sporcle Settings to finish the process.

Report this User

Report this user for behavior that violates our Community Guidelines.

Details: